|
|
|
|
| LEADER |
00000nam0a2200000 4500 |
| 001 |
101535 |
| 005 |
20231031112654.0 |
| 010 |
|
|
|a 5946281089
|
| 035 |
|
|
|a (RuTPU)RU\TPU\book\109460
|
| 090 |
|
|
|a 101535
|
| 100 |
|
|
|a 20060913d2004 m y0rusy50 ca
|
| 101 |
0 |
|
|a rus
|
| 102 |
|
|
|a RU
|
| 105 |
|
|
|a a j 001zy
|
| 200 |
1 |
|
|a Наука выживания. Человек в экстремальных природных условиях
|e учебное пособие
|f В. Г. Волович
|
| 210 |
|
|
|a Москва
|c Академкнига
|d 2004
|
| 215 |
|
|
|a 447 с.
|c ил.
|
| 320 |
|
|
|a Библиогр.: с. 419-438.
|
| 320 |
|
|
|a Именной указатель: с. 439-444.
|
| 330 |
|
|
|a В учебном пособии рассмотрены актуальные проблемы сохранения жизни, здоровья и работоспособности человека, оказавшегося в результате стихийного бедствия, аварии самолета, гибели судна или по другим причинам в экстремальных условиях автономного существования. Автор рассказывает о правилах и способах выживания в различных природно-климатических зонах земного шара - в Арктике и пустыне, тайге и джунглях, в горах и океане, о методах защиты организма от всевозможных неблагоприятных воздействий, о приемах оказания первой медицинской помощи. В основу книги: легли как собственные наблюдения автора при проведении специальных экспериментов по выживанию, так и анализ примеров различного поведения человека в экстремальных условиях. Для школьников и студентов, а также широкого круга читателей: туристов, путешественников, летчиков, космонавтов, моряков.
|
| 610 |
1 |
|
|a экстремальные условия
|
| 610 |
1 |
|
|a выживание
|
| 610 |
1 |
|
|a человек
|
| 610 |
1 |
|
|a автономное существование
|
| 610 |
1 |
|
|a аварии
|
| 610 |
1 |
|
|a аварийный запас
|
| 610 |
1 |
|
|a аварийная аптечка
|
| 610 |
1 |
|
|a медицинская помощь
|
| 610 |
1 |
|
|a связь
|
| 610 |
1 |
|
|a сигнализация
|
| 610 |
1 |
|
|a Арктика
|
| 610 |
1 |
|
|a тайга
|
| 610 |
1 |
|
|a пустыни
|
| 610 |
1 |
|
|a горы
|
| 610 |
1 |
|
|a джунгли
|
| 610 |
1 |
|
|a Океан
|
| 610 |
1 |
|
|a водообеспечение
|
| 610 |
1 |
|
|a питание
|
| 610 |
1 |
|
|a заболевания
|
| 610 |
1 |
|
|a опасности
|
| 610 |
1 |
|
|a учебные пособия
|
| 675 |
|
|
|a 614.8(07)
|v 3
|
| 700 |
|
1 |
|a Волович
|b В. Г.
|g Виталий Георгиевич
|
| 801 |
|
1 |
|a RU
|b 63413507
|c 20060913
|g PSBO
|
| 801 |
|
2 |
|a RU
|b 63413507
|c 20220615
|g PSBO
|
| 900 |
|
|
|a Медицинские основы туризма
|
| 900 |
|
|
|a Безопасность жизнедеятельности. Обеспечение безопасности в туризме
|
| 942 |
|
|
|c BK
|
| 959 |
|
|
|a 77/20060911
|d 1
|e 0
|f НФ:1
|
| 959 |
|
|
|a 29/20070323
|d 2
|e 0
|f АНЛ:1
|f ЧЗТЛ:1
|